000
00230 a2200097 4500
001
31105
100
_a
Roycc, Walker
245
_a
Software project management
260
_a
New Delhi
_b
Addison Wesley
_c
1998
090
_c
21118
_d
21118
942
_a
NUST-CAE
_c
M
_c
12357
999
_c
266178
_d
266178